000 00366pab a2200157 454500
008 180718b2004 xxu||||| |||| 00| 0 eng d
100 _aKhan, Abdul Majeed
245 _aPanchayats in the health sector
260 _c2004
300 _ap.47-60.
362 _aDec
650 _aPanchayat
650 _aHealth services
773 _aSocial Change
909 _a64577
999 _c64577
_d64577